header

Descartes' natural philosophy (Record no. 43131)

MARC details
000 -LEADER
fixed length control field 01501nam a22003614a 4500
082 04 - DEWEY DECIMAL CLASSIFICATION NUMBER
Classification number 113/.092
245 00 - TITLE STATEMENT
Title Descartes' natural philosophy
260 ## - PUBLICATION, DISTRIBUTION, ETC. (IMPRINT)
Place of publication London ;
-- New York :
Name of publisher Routledge,
Year of publication 2002.
300 ## - PHYSICAL DESCRIPTION
Number of Pages x, 767 p. :
Other physical details ill.
490 1# - SERIES STATEMENT
Series statement Routledge studies in seventeenth-century philosophy ;
650 #0 - SUBJECT ADDED ENTRY--TOPICAL TERM
Topical Term Philosophy of nature.
700 1# - ADDED ENTRY--PERSONAL NAME
Personal name Gaukroger, Stephen.
Personal name Schuster, John Andrew,
Personal name Sutton, John,
856 40 - ELECTRONIC LOCATION AND ACCESS
Uniform Resource Identifier http://site.ebrary.com/lib/rucke/Doc?id=10070614

No items available.

© 2026 Rongo University
Contact us: librarian | system librarian | Rongo university